000 00517nam a2200181Ia 4500
999 _c16526
_d16526
003 OSt
005 20231220123057.0
008 190216s9999||||xx |||||||||||||| ||und||
020 _a9788171500918
040 _cMESKC library
082 _a891.438
_bMIS/A
100 _aMishra, Ramadarash
_9197
245 0 _aAate Jaate Din /
_cRamadarash Mishra
260 _bIndraprastha Prakashan,
_c2008.
_aDelhi:
300 _a240p
650 _aHindi
942 _cBK
_2ddc
_h891.438
_iMIS/A
_k891.438
_mMIS/A